000 00446 a2200193 4500
003 OSt
005 20180116182732.0
008 160425b xxu||||| |||| 00| 0 eng d
020 _a0030312027
024 _a9780030312021
040 _c0
082 _a658.15
100 _aPappas, James L.
245 _aManagerial Economics
_cJames L. Pappas
250 _a6th Ed.
260 _c1991
300 _a826
942 _aNBS
_cBK
_k658.15 PAP
_2ddc
999 _c345102
_d345102